Rzeczowniki zaczynające się na PRO- - Statystyki

Ogólne statystyki
  • Ten quiz został rozwiązany 23 razy
  • Średni wynik to 21 z 45
Statystyki odpowiedzi
Odpowiedź % Poprawnych
prom
94%
program
76%
projekt
76%
proces
71%
profesor
71%
propozycja
71%
prorok
71%
proszek
71%
produkcja
65%
prowizja
65%
problem
59%
proca
59%
proch
59%
promień
59%
procesja
53%
protest
53%
proteza
53%
proboszcz
47%
producent
47%
prokurator
47%
promil
47%
promyk
47%
prośba
47%
protokół
47%
procent
41%
prognoza
41%
projektant
41%
projektor
41%
proporcja
41%
prosiak
41%
prostota
41%
prowokacja
41%
probówka
35%
procedura
35%
progres
35%
prostokąt
35%
prowiant
35%
profil
29%
propaganda
29%
prostownica
29%
prowincja
29%
promenada
24%
prostak
24%
prohibicja
12%
proteiny
6%
Nie znaleziono quizów pasujących do podanych kryteriów
Rozkład punktacji
Procent ludzi z każdym wynikiem
Percentyl według liczby udzielonych odpowiedzi
Twoja historia wyników
Nie rozwiązałeś tego quizu